Statistics for You Need To Calm Down lyrics

Click here to take the quiz!

General Stats

  • This quiz has been taken 214 times
  • The average score is 320 of 364

Answer Stats

Lyrics% Correct
I
99%
You
99%
you
99%
(You
99%
calm
98%
down
98%
down,
98%
need
98%
to
98%
your
98%
too
97%
you're
97%
be
96%
being
96%
just
96%
loud
96%
a
95%
it
94%
And
93%
and
93%
like
93%
like,
93%
Like,
93%
oh,
93%
oh
93%
So,
93%
so
93%
the
93%
but
92%
But
92%
I'm
92%
it's
92%
are
91%
at
91%
in
91%
no
91%
me
90%
stop,
90%
stop
90%
that
90%
7
89%
a.m."
89%
can
89%
less
89%
mad?
89%
my
89%
never
89%
know,
88%
know
88%
not
88%
okay?"
88%
on
88%
out
88%
we
88%
We
88%
"Damn,
87%
don't
87%
"Hey,
86%
somebody
86%
all
85%
gay,
85%
step
85%
anybody
84%
could
84%
made
84%
shots
84%
street,
84%
street
84%
When
84%
Why
84%
take
83%
gown?
82%
taking
82%
say
81%
Say
81%
shade
81%
GLAAD?
80%
GLAAD)
80%
knock
80%
that's
80%
'Cause
77%
is
76%
night
76%
parade,
76%
Patrón
76%
sign
76%
tweet,
76%
who
76%
cop
75%
fun
75%
try
74%
bones,
73%
broke
73%
self
73%
dark
72%
stones
72%
taken
72%
Internet
71%
see
71%
with
71%
crowns
70%
friends
70%
hate
70%
Making
69%
mess
69%
must've
69%
snakes
69%
killing
68%
people
68%
there
68%
ages
67%
expression,
67%
girls
67%
got
67%
I've
67%
lesson
67%
now,
67%
our
67%
over
67%
rather
67%
ain't
66%
'bout
66%
else
66%
his
66%
trying
66%
would
66%
learned
64%
coming
63%
comparing
63%
stressin'
63%
obsessin'
62%
several
61%
figured
59%
peace
59%
seats
59%
Sunshine
58%
restore
54%
scream
54%
then
51%
control
50%
missile
48%
urges
46%
live
30%

Score Distribution

Percentile by Number Answered

Percent of People with Each Score

Your Score History

You have not taken this quiz